<?xml version="1.0" encoding="UTF-8"?>
<record
    xmlns:xsi="http://www.w3.org/2001/XMLSchema-instance"
    xsi:schemaLocation="http://www.loc.gov/MARC21/slim http://www.loc.gov/standards/marcxml/schema/MARC21slim.xsd"
    xmlns="http://www.loc.gov/MARC21/slim">

  <leader>01399cam a22002291  4500</leader>
  <controlfield tag="001">ne 63000254 </controlfield>
  <controlfield tag="003">DLC</controlfield>
  <controlfield tag="005">20260227111741.0</controlfield>
  <controlfield tag="008">840626s1948    ua abcf  r    000 0 arar </controlfield>
  <datafield tag="010" ind1=" " ind2=" ">
    <subfield code="a">ne 63000254 </subfield>
  </datafield>
  <datafield tag="035" ind1=" " ind2=" ">
    <subfield code="a">(OCoLC)10886481</subfield>
  </datafield>
  <datafield tag="040" ind1=" " ind2=" ">
    <subfield code="a">DLC</subfield>
    <subfield code="c">TxU</subfield>
    <subfield code="d">TxU</subfield>
    <subfield code="d">DLC</subfield>
  </datafield>
  <datafield tag="042" ind1=" " ind2=" ">
    <subfield code="a">premarc</subfield>
  </datafield>
  <datafield tag="050" ind1="0" ind2="0">
    <subfield code="a">DS44</subfield>
    <subfield code="b">.Z3</subfield>
  </datafield>
  <datafield tag="100" ind1="1" ind2=" ">
    <subfield code="a">Zak&#x12B;, &#x2BB;Abd al-Ra&#x1E25;m&#x101;n.</subfield>
  </datafield>
  <datafield tag="245" ind1="1" ind2="3">
    <subfield code="a">al-Sharq al-Awsa&#x1E6D;,</subfield>
    <subfield code="b">dir&#x101;sah sh&#x101;milah li-buld&#x101;nahu wa-a&#x1E25;w&#x101;lahu al-iqti&#x1E63;&#x101;d&#x12B;yah wa-al-istir&#x101;t&#x12B;j&#x12B;yah</subfield>
    <subfield code="c">[ta&#x2BC;l&#x12B;f] &#x2BB;Abd al-Ra&#x1E25;m&#x101;n Zak&#x12B;.</subfield>
  </datafield>
  <datafield tag="260" ind1=" " ind2=" ">
    <subfield code="a">[al-Q&#x101;hirah]</subfield>
    <subfield code="b">Maktabat al-Nah&#x1E0D;ah al-Mi&#x1E63;r&#x12B;yah [t&#x101;r&#x12B;kh al-muqaddamah,</subfield>
    <subfield code="c">1948]</subfield>
  </datafield>
  <datafield tag="300" ind1=" " ind2=" ">
    <subfield code="a">7, 266 p.</subfield>
    <subfield code="b">illus., 2 col. plates, ports., maps (part fold.) tables.</subfield>
    <subfield code="c">24 cm.</subfield>
  </datafield>
  <datafield tag="505" ind1="0" ind2=" ">
    <subfield code="a">al-Sharq al-Awsa&#x1E6D; -- Mamlakat Mi&#x1E63;r -- al-S&#x16B;d&#x101;n -- al-Mamlakah al-&#x2BB;Arab&#x12B;yah al-Sa&#x2BB;&#x16B;d&#x12B;yah -- al-Yaman -- Im&#x101;r&#x101;t al-Jaz&#x12B;rat al-&#x2BB;Arab&#x12B;yah -- Imbar&#x101;&#x1E6D;&#x16B;r&#x12B;yat &#x12A;r&#x101;n -- Mamlakat al-&#x2BB;Ir&#x101;q J&#x16B;mhur&#x12B;yat Turky&#x101; Jumh&#x16B;r&#x12B;yat S&#x16B;r&#x12B;y&#x101; Jumh&#x16B;r&#x12B;yat Lubn&#x101;n -- al-Mamlakah al-Urdun&#x12B;yah al-H&#x101;shim&#x12B;yah -- Filas&#x1E6D;&#x12B;n -- Afr&#x12B;q&#x12B;y&#x101; al-Sham&#x101;l&#x12B;yah -- L&#x12B;by&#x101; -- T&#x16B;nis -- al-Jaz&#x101;&#x2BC;ir -- Mar&#x101;kish -- Mul&#x16B;k wa-ru&#x2BC;as&#x101;&#x2BC; duwal al-Sharq al-Awsa&#x1E6D; --Rij&#x101;l al-buld&#x101;n al-Sharq al-Awsa&#x1E6D; -- Maktabat al-Shu&#x2BC;&#x16B;n al-&#x2BB;Arab&#x12B;yah bi-Amr&#x12B;k&#x101; -- Mar&#x101;ji&#x2BB; al-kit&#x101;b.</subfield>
  </datafield>
  <datafield tag="651" ind1=" " ind2="0">
    <subfield code="a">Middle East</subfield>
    <subfield code="v">Directories.</subfield>
  </datafield>
  <datafield tag="651" ind1=" " ind2="0">
    <subfield code="a">Africa, North</subfield>
    <subfield code="v">Directories.</subfield>
  </datafield>
  <datafield tag="999" ind1=" " ind2=" ">
    <subfield code="c">45534</subfield>
    <subfield code="d">45534</subfield>
  </datafield>
</record>
